|
|
|
|
| LEADER |
00000nab a2200000 a 4500 |
| 001 |
vtls000409188 |
| 003 |
SK-MaSNL |
| 005 |
20260426080040.0 |
| 008 |
250424c1990 xo 0 slo |
| 015 |
|
|
|a SNBRB19rr/mm-uuuuu
|
| 035 |
|
|
|a CL0409312
|
| 035 |
|
|
|a urn:nbn:sk:snk-ab7fp0
|
| 035 |
|
|
|a (urnnbn)urn:nbn:sk:snk:ar-005drd
|
| 035 |
|
|
|a (uuid)003a29ae-5c2a-45ec-a7ee-09fd9e0cc20e
|
| 040 |
|
|
|a SNKBUCL
|b slo
|c SNKBUCL
|e AACR2
|
| 041 |
0 |
|
|a cze
|
| 044 |
|
|
|a xo
|c SK
|
| 080 |
|
|
|a 616.13-004.6:061.3
|2 1981
|
| 080 |
|
|
|a 061.3
|2 1981
|
| 100 |
1 |
|
|a Palát, Miroslav,
|d 1927-2014
|4 aut
|9 203087
|
| 245 |
1 |
0 |
|a M. J. Parham - R. Niemann: Cologne atherosclerosis conference no. 4: cholesterol homeostasis
|c M. Palát
|
| 650 |
0 |
7 |
|a artérioskleróza
|2 snkbucl
|9 2429
|
| 655 |
|
7 |
|a články z novín a časopisov
|2 snkbucl
|9 267496
|
| 700 |
1 |
|
|a Parham, J. M.
|4 aut
|9 1371495
|
| 700 |
1 |
|
|a Nieman, R.
|4 aut
|9 1371496
|
| 773 |
0 |
|
|t Rehabilitácia
|g Roč. 23, č. 4 (1990), s. 201
|
| 787 |
0 |
8 |
|i Rec.:
|a Parham, J. M.
|t Cologne atherosclerosis conference no. 4: Cholesterol homeostatic
|d Boston, Berlín, Basel : Birkhäuser Verlag, 1988
|
| 850 |
|
|
|a Slovenská národná knižnica
|
| 852 |
|
|
|a Slovenská národná knižnica
|
| 954 |
|
|
|a odborná, vedecká literatúra cudzojazyčná (svetová)
|2 lita
|
| 958 |
|
|
|a article7
|
| 958 |
|
|
|a RK
|
| 958 |
|
|
|a MI
|
| 958 |
|
|
|a OND
|
| 958 |
|
|
|a EUIPO
|
| 992 |
|
|
|a RBX
|
| 999 |
|
|
|c 2794313
|d 2796243
|